000 00560nam a2200181 4500
001 124255
003 ES-MaACL
005 20230906192345.0
007 t|
008 070214s1972 sp r ||||1| spa d
100 1 _aReeves, Elton T.
_995858
245 1 3 _aEl desarrollo de los directivos /
_cElton T. Reeves ; traducción de Sarah Nicholson y Julián Sicilia.
260 _aSalamanca :
_bAnaya,
_c1972.
300 _a278 p. ;
_c18 cm.
700 1 _aNicholson, Sarah.
_985546
700 1 _aSicilia, Julián.
_9106193
852 _aES-MaACL
_jC-44378
_bR.81327
999 _c124255
_d124255